Biophysical chemistry:principles and techniques (Record no. 125192)

MARC details
000 -LEADER
fixed length control field 00619nam a2200241Ia 4500
003 - CONTROL NUMBER IDENTIFIER
control field OSt
005 - DATE AND TIME OF LATEST TRANSACTION
control field 20220504102827.0
008 - FIXED-LENGTH DATA ELEMENTS--GENERAL INFORMATION
fixed length control field 210210b2019 xxu||||| |||| 00| 0 eng d
020 ## - INTERNATIONAL STANDARD BOOK NUMBER
International Standard Book Number 9789351422273
040 ## - CATALOGING SOURCE
Original cataloging agency AL
Transcribing agency
041 ## - LANGUAGE CODE
Language code of text/sound track or separate title eng
082 ## - DEWEY DECIMAL CLASSIFICATION NUMBER
Classification number 574.19283 CANB
100 ## - MAIN ENTRY--PERSONAL NAME
Personal name AVINASH (Upadhyay)
9 (RLIN) 33111
245 ## - TITLE STATEMENT
Title Biophysical chemistry:principles and techniques
250 ## - EDITION STATEMENT
Edition statement 4
260 ## - PUBLICATION, DISTRIBUTION, ETC.
Place of publication, distribution, etc. Mumbai
Name of publisher, distributor, etc. Himalaya Publishing House
Date of publication, distribution, etc. 2019
300 ## - PHYSICAL DESCRIPTION
Extent xii, 618
650 ## - SUBJECT ADDED ENTRY--TOPICAL TERM
Topical term or geographic name entry element chemistry
9 (RLIN) 33113
690 ## - LOCAL SUBJECT ADDED ENTRY--TOPICAL TERM (OCLC, RLIN)
Topical term or geographic name as entry element Biochemistry
9 (RLIN) 33115
700 ## - ADDED ENTRY--PERSONAL NAME
Personal name UPADHYAY (Kakoli)
9 (RLIN) 33116
906 ## - LOCAL DATA ELEMENT F, LDF (RLIN)
a 074416
942 ## - ADDED ENTRY ELEMENTS (KOHA)
Source of classification or shelving scheme Dewey Decimal Classification
Koha item type Book
Holdings
Withdrawn status Lost status Source of classification or shelving scheme Damaged status Not for loan Collection code Home library Current library Date acquired Source of acquisition Cost, normal purchase price Total Checkouts Full call number Barcode Date last seen Date last checked out Price effective from Koha item type
    Dewey Decimal Classification     Bio Chemistry St Aloysius Library St Aloysius Library 02/17/2021 Biblios Book Point, Surathkal-575014 575.00 2 574.19283 UPAB 074417 06/01/2023 01/17/2023 02/17/2021 Book
    Dewey Decimal Classification     Bio Chemistry St Aloysius Library St Aloysius Library 02/17/2021 Biblios Book Point, Surathkal-575014 575.00 1 574.19283 UPAB 074416 03/15/2022 09/30/2021 02/17/2021 Book